Most Searched Wikipedia Pages (Albums) - Statistics

General Stats
  • This quiz has been taken 23 times
  • The average score is 11 of 15
Answer Stats
Albums Artists % Correct
Sgt. Pepper's Lonely Hearts Club Band / Let It Be / Abbey Road The Beatles
100%
Led Zeppelin IV Led Zeppelin
96%
Metallica Metallica
96%
Thriller Michael Jackson
96%
Nevermind Nirvana
96%
The Marshall Mathers LP / Recovery Eminem
91%
The Dark Side of the Moon / The Wall / Wish You Were Here Pink Floyd
87%
Hotel California Eagles
78%
21 Adele
74%
Teenage Dream Katy Perry
70%
1989 / Fearless / Red Taylor Swift
65%
Yeezus / 808s & Heartbreak / My Beautiful Dark Twisted Fantasy / Watch the Throne Kanye / Jay Z
57%
Good Kid, M.A.A.D City Kendrick Lamar
48%
Hybrid Theory Linkin Park
26%
Loud Rihanna
13%
No matching quizzes found
Score Distribution
Percent of People with Each Score
Percentile by Number Answered
Your Score History
You have not taken this quiz